<?xml version="1.0" encoding="UTF-8"?>
<record
    xmlns:xsi="http://www.w3.org/2001/XMLSchema-instance"
    xsi:schemaLocation="http://www.loc.gov/MARC21/slim http://www.loc.gov/standards/marcxml/schema/MARC21slim.xsd"
    xmlns="http://www.loc.gov/MARC21/slim">

  <leader>02370nam a2200337 a 4500</leader>
  <controlfield tag="001">ebr10132967</controlfield>
  <controlfield tag="003">CaPaEBR</controlfield>
  <controlfield tag="006">m        u        </controlfield>
  <controlfield tag="007">cr cn|||||||||</controlfield>
  <controlfield tag="008">001116s2000    enk     sb    001 0 eng  </controlfield>
  <datafield tag="010" ind1=" " ind2=" ">
    <subfield code="z">   00711697 </subfield>
  </datafield>
  <datafield tag="020" ind1=" " ind2=" ">
    <subfield code="z">1860644082</subfield>
  </datafield>
  <datafield tag="040" ind1=" " ind2=" ">
    <subfield code="a">CaPaEBR</subfield>
    <subfield code="c">CaPaEBR</subfield>
  </datafield>
  <datafield tag="035" ind1=" " ind2=" ">
    <subfield code="a">(OCoLC)76898718</subfield>
  </datafield>
  <datafield tag="043" ind1=" " ind2=" ">
    <subfield code="a">a-io---</subfield>
  </datafield>
  <datafield tag="050" ind1="1" ind2="4">
    <subfield code="a">DS646.5.T55</subfield>
    <subfield code="b">E2653 2000eb</subfield>
  </datafield>
  <datafield tag="245" ind1="0" ind2="4">
    <subfield code="a">The East Timor question</subfield>
    <subfield code="h">[electronic resource] :</subfield>
    <subfield code="b">the struggle for independence from Indonesia /</subfield>
    <subfield code="c">edited by Paul Hainsworth &amp; Stephen McCloskey ; foreword by John Pilger ; preface by Jos&#xFFFD;e Ramos-Horta.</subfield>
  </datafield>
  <datafield tag="260" ind1=" " ind2=" ">
    <subfield code="a">London ;</subfield>
    <subfield code="a">New York :</subfield>
    <subfield code="b">I.B. Tauris ;</subfield>
    <subfield code="a">New York :</subfield>
    <subfield code="b">In the U.S. distributed by St. Martin's Press,</subfield>
    <subfield code="c">2000.</subfield>
  </datafield>
  <datafield tag="300" ind1=" " ind2=" ">
    <subfield code="a">xv, 222 p.</subfield>
  </datafield>
  <datafield tag="504" ind1=" " ind2=" ">
    <subfield code="a">Includes bibliographical references and indexes.</subfield>
  </datafield>
  <datafield tag="505" ind1="0" ind2=" ">
    <subfield code="t">Introduction : East Timor--from European to Third World colonialism /</subfield>
    <subfield code="r">Stephen McCloskey --</subfield>
    <subfield code="t">A personal journey through East Timor /</subfield>
    <subfield code="r">Peter Carey --</subfield>
    <subfield code="t">Reporting East Timor   /</subfield>
    <subfield code="r">Hugh O'Shaughnessy --</subfield>
    <subfield code="t">Balibo /</subfield>
    <subfield code="r">Maureen Tolfree --</subfield>
    <subfield code="t">The legacy of the Suharto dictatorship /</subfield>
    <subfield code="r">Carmel Budiardjo --</subfield>
    <subfield code="t">The Indonesian propaganda war against East Timor /</subfield>
    <subfield code="r">Ist&#xFFFD;ev&#xFFFD;ao Cabral --</subfield>
    <subfield code="t">Seeds of hope--East Timor ploughshares disarming the hawks /</subfield>
    <subfield code="r">Andrea Needham, Jen Parker and Jo Wilson --</subfield>
    <subfield code="t">New Labour, new codes of conduct? British government policy towards Indonesia and East Timor after the 1997 election /</subfield>
    <subfield code="r">Paul Hainsworth --</subfield>
    <subfield code="t">The United States /</subfield>
    <subfield code="r">Charles Scheiner --</subfield>
    <subfield code="t">Canberra /</subfield>
    <subfield code="r">Jim Aubrey -- The local meets the global /</subfield>
    <subfield code="r">Eil&#xFFFD;is Ward -- East Timor and Western Sahara /</subfield>
    <subfield code="r">Pedro Pinto Leite --</subfield>
    <subfield code="t">South Africa's transition /</subfield>
    <subfield code="r">Adrian Guelke --</subfield>
    <subfield code="t">Conclusion : East Timor after Suharto : a new horizon /</subfield>
    <subfield code="r">Paul Hainsworth.</subfield>
  </datafield>
  <datafield tag="533" ind1=" " ind2=" ">
    <subfield code="a">Electronic reproduction.</subfield>
    <subfield code="b">Palo Alto, Calif. :</subfield>
    <subfield code="c">ebrary,</subfield>
    <subfield code="d">2013.</subfield>
    <subfield code="n">Available via World Wide Web.</subfield>
    <subfield code="n">Access may be limited to ebrary affiliated libraries.</subfield>
  </datafield>
  <datafield tag="650" ind1=" " ind2="0">
    <subfield code="a">Referendum</subfield>
    <subfield code="z">Timor-Leste.</subfield>
  </datafield>
  <datafield tag="651" ind1=" " ind2="0">
    <subfield code="a">Timor-Leste</subfield>
    <subfield code="x">Politics and government.</subfield>
  </datafield>
  <datafield tag="651" ind1=" " ind2="0">
    <subfield code="a">Timor-Leste</subfield>
    <subfield code="x">History</subfield>
    <subfield code="x">Autonomy and independence movements.</subfield>
  </datafield>
  <datafield tag="655" ind1=" " ind2="7">
    <subfield code="a">Electronic books.</subfield>
    <subfield code="2">local</subfield>
  </datafield>
  <datafield tag="700" ind1="1" ind2=" ">
    <subfield code="a">Hainsworth, Paul,</subfield>
    <subfield code="d">1950-</subfield>
  </datafield>
  <datafield tag="700" ind1="1" ind2=" ">
    <subfield code="a">McCloskey, Stephen.</subfield>
  </datafield>
  <datafield tag="710" ind1="2" ind2=" ">
    <subfield code="a">ebrary, Inc.</subfield>
  </datafield>
  <datafield tag="856" ind1="4" ind2="0">
    <subfield code="u">http://site.ebrary.com/lib/rucke/Doc?id=10132967</subfield>
    <subfield code="z">An electronic book accessible through the World Wide Web; click to view</subfield>
  </datafield>
  <datafield tag="999" ind1=" " ind2=" ">
    <subfield code="c">79218</subfield>
    <subfield code="d">79218</subfield>
  </datafield>
</record>
